000 00210 a2200097 4500
001 49544
100 _aLonette
245 _aPaul gallico ludmila
260 _aLondon
_bMichael Joseph
_c
090 _c32072
_d32072
942 _aNUST-CAE
_cM
_c24528
999 _c284617
_d284617